000 00388nam a2200145Ia 4500
008 100122s9999 xx 000 0 und d
082 _b56341
_a823
100 _aवैद्य सुरेश
245 _aनकळत
260 _bश्रीस्वामी प्रकाशन
_c1999
300 _a160
630 _aनकळत
730 _aनकळत
942 _cBOOK
999 _c432800
_d432797